00387pab a2200145 454500008004000000100001900040245008400059260000900143300001300152362001100165650002600176650001100202700001500213773001300228180718b2001 xxu||||| |||| 00| 0 eng d aGastrow, Peter aIn search of safety: police transformation and public responses in South Africa c2001 ap.259-75 aWinter aPolice - South Africa aPolice aShaw, Mark aDaedalus